00624nam a22001937a 450000500170000001000420001702000260005903500140008503500170009903700170011603700150013308200150014810000250016324501040018826000470029227000520033930000210039170000180041220180507171852.0 a1718EN-30 ENG-122886 B-681965-971 a9789386050960c399.00 aEN-106418 aB-681965-971 bPragatiadpl bDBAD/PUB.  a306.095441 aSheikh, Malika Amar 14aI want to destroy myself:cby Malika Amar Sheikh translated by Jerry Pinto from Marathiba memoir / aNew DelhibSpeaking Tiger Publishingc2016 a4381/4,Ansari Road,DaryaganjbNew Delhie110002 a200p.c21cm.(Hb) aPinto, Jerry